000 01201nam a2200337 i 4500
001 196994
003 ES-MaACL
005 20250809063550.0
008 250213s2013 sp | |||| 000 f spa
015 _aMON12
017 _aPM 1156-2012
_bOficina Depósito Legal Mallorca
020 _a9788415296744
035 _a(OCoLC)841452479
035 _a(SpMaBN)a5333498
040 _aSpMaBN
_bspa
_cSpMaBN
_erdc
080 _a821.134.2-31"20"
100 1 _aZamora Llorente, Alfonso,
_d1980-
_9239778
_eaut
245 1 0 _aDe Madrid al zielo /
_cAlfonso Zamora Llorente.
250 _aOctava edición: julio 2015
260 _aPalma [de Mallorca] :
_bDolmen,
_ccop. 2013.
300 _a344 páginas ;
_c21 cm.
336 _aTexto (visual)
_2isbdcontent
337 _asin mediación
_2isbdmedia
338 _2rdacarrier
_avolumen
655 0 _9239344
_aNovelas de terror
852 _aES-MaACL
_cDEPOJ
_jN-10366
_xEncuadernación rústica con solapas
_9206488
_hDonación: Editorial
942 _cMONOGRAFIA
_n0
999 _c196994
_d196994